Score 0/26 Timer 08:00
3 Plays Today
% Correct
Harry Potter and the Philosopher's Stone
90.7%
300
85.3%
Kill Bill: Volume 1
82.8%
127 Hours
80.5%
Titanic
75.9%
The Grand Budapest Hotel
71.1%
It
70.8%
Good Will Hunting
70.7%
Mad Max: Fury Road
67.5%
Eternal Sunshine of the Spotless Mind
64%
Room
52.5%
The Truman Show
52.2%
The Matrix Reloaded
50.2%
% Correct
Zombieland
48%
Unbreakable
42.9%
Moneyball
40.1%
Goodfellas
27.4%
Dredd
27.4%
The Untouchables
26.5%
Do the Right Thing
21.6%
There Will Be Blood
21.1%
(500) Days of Summer
17.6%
Closer
16.6%
Twelve Monkeys
10.1%
The World's End
10%
The Hudsucker Proxy
8.4%
Remove Ads.
Support Sporcle.
Get the best of Sporcle when you Go Orange. This ad-free experience offers more features, more stats, and more fun while also helping to support Sporcle. Thank you for becoming a member.

You're not logged in!

Compare scores with friends on all Sporcle quizzes.
OR
Log In

Show Comments

Extras

Top Quizzes Today


Score Distribution

Your Account Isn't Verified!

In order to create a playlist on Sporcle, you need to verify the email address you used during registration. Go to your Sporcle Settings to finish the process.

Report this User

Report this user for behavior that violates our Community Guidelines.

Details: